[Event "chess.com SpeedChess 2022"]
[Site "chess.com INT"]
[Date "2022.12.15"]
[Round "3.15"]
[White "Nakamura,Hi"]
[Black "Nihal,Sarin"]
[Result "1/2-1/2"]
[WhiteElo "2768"]
[BlackElo "2670"]

1.Nc3 Nf6 2.Nf3 d5 3.d4 Bf5 4.e3 e6 5.Bd3 Bg6 6.Bxg6 hxg6 7.Qd3 Nbd7 8.e4 Bb4
9.exd5 exd5 10.O-O O-O 11.Ne2 Re8 12.Bg5 c6 13.b3 Qb6 14.c4 Ne4 15.Be3 Qa6
16.Qc2 Bd6 17.Bf4 Ndf6 18.h3 Rad8 19.Rac1 Ba3 20.Rb1 Nd6 21.Ne5 Nf5 22.Rfd1 Bd6
23.Qb2 dxc4 24.bxc4 Bxe5 25.dxe5 Rxd1+ 26.Rxd1 Qxc4 27.exf6 Rxe2 28.Rd8+ Kh7
29.fxg7 Nxg7 30.Qf6 Re6 31.Qg5 Nf5 32.Kh2 Qe4 33.Rd7 Re7 34.Rd8 Re8 35.Rd7 Re7
36.Rd8 Qe6 37.Ra8 f6 38.Qg4 a6 39.Ra7 b5 40.Rxa6 Qd5 41.h4 Ng7 42.Qf3 Qxf3
43.gxf3 Re6 44.Ra7 Kg8 45.Be3 Nf5 46.Kh3 Nxe3 47.fxe3 Rxe3 48.Kg4 Rc3 49.f4 Rc4
50.Rc7 c5 51.h5 gxh5+ 52.Kxh5 Kf8 53.Kg6 Rxf4 54.Rxc5 b4 55.Rc7 Ke8 56.Rb7 Kd8
57.Kg7 Kc8 58.Ra7 Kb8 59.Rd7 Kc8 60.Ra7 f5 61.Kf6 Rf2 62.Ra4 Rb2 63.Kxf5 Kb7
64.Ke4 Kc6 65.Kd3 Kb5 66.Ra8 Rh2 67.Rb8+ Ka4 68.Ra8+ Kb5 69.Rb8+ Ka4 70.Ra8+ Kb5  1/2-1/2

[Event "chess.com SpeedChess 2022"]
[Site "chess.com INT"]
[Date "2022.12.15"]
[Round "3.25"]
[White "Nakamura,Hi"]
[Black "Nihal,Sarin"]
[Result "1/2-1/2"]
[WhiteElo "2768"]
[BlackElo "2670"]

1.e4 e5 2.Nf3 Nc6 3.Bb5 a6 4.Ba4 Nf6 5.d3 Bc5 6.c3 d6 7.Be3 Bxe3 8.fxe3 O-O
9.O-O Ne7 10.Nbd2 Ng6 11.Qe1 c6 12.h3 h6 13.Rf2 Be6 14.Nf1 d5 15.exd5 cxd5
16.Ng3 Rc8 17.Bb3 Re8 18.Rd1 b5 19.e4 Qb6 20.Kh2 Rcd8 21.Rfd2 a5 22.Bc2 b4
23.Ba4 Re7 24.Nf5 Rc7 25.Rc1 dxe4 26.dxe4 Rxd2 27.Nxd2 Nf4 28.Rc2 g6 29.Ne3 bxc3
30.bxc3 Nd3 31.Qe2 Nf4 32.Qf3 Kg7 33.Bb3 Rd7 34.Bxe6 Qxe6 35.Nb3 Qc6 36.Nxa5 Qxe4
37.Qxe4 Nxe4 38.c4 Rd3 39.Ng4 f6 40.c5 h5 41.Nf2 Nxf2 42.Rxf2 Rc3 43.Nb3 Ne6
44.Rf3 Rc2 45.a4 Nxc5 46.Nxc5 Rxc5 47.Ra3 Ra5 48.g4 h4 49.Kg2 f5 50.Kf3 Kf6
51.gxf5 gxf5 52.Ra1 Ke6 53.Ke3 Kd5 54.Rd1+ Ke6 55.Ra1 Kf6 56.Ra2 Ke7 57.Ra1 Kd6
58.Ra2 Kc5 59.Ra1 Kb4 60.Rf1 e4 61.Rf4 Kxa4 62.Rxh4 Kb4 63.Kf4 Kc3 64.Rh8 Kd2
65.Re8 Ra4 66.Kxf5 e3 67.Kg5 e2 68.h4 Ra5+ 69.Kg6 Ra6+ 70.Kg5 Ra5+ 71.Kg6 Ra6+
72.Kg5 Ra3 73.Rxe2+ Kxe2 74.h5 Rg3+ 75.Kf6 Kf3 76.h6 Rh3 77.Kg7 Kf4 78.h7 Kg5
79.Kg8 Kg6 80.h8=Q Rxh8+ 81.Kxh8  1/2-1/2

[Event "chess.com SpeedChess 2022"]
[Site "chess.com INT"]
[Date "2022.12.15"]
[Round "3.24"]
[White "Nihal,Sarin"]
[Black "Nakamura,Hi"]
[Result "1-0"]
[WhiteElo "2670"]
[BlackElo "2768"]

1.Nf3 Nf6 2.c4 e6 3.Nc3 d5 4.e3 c5 5.cxd5 exd5 6.d4 Nc6 7.Bb5 Bd6 8.O-O cxd4
9.exd4 O-O 10.h3 h6 11.Re1 Re8 12.Bxc6 bxc6 13.Ne5 Bxe5 14.dxe5 Nd7 15.f4 Bb7
16.Kh2 a6 17.b4 a5 18.bxa5 Qxa5 19.Bd2 d4 20.Ne4 Qd5 21.Nd6 c5 22.Qg4 h5
23.Qg3 Re6 24.Nxb7 Qxb7 25.f5 h4 26.Qf4 Ree8 27.f6 Nf8 28.Qxh4 Ng6 29.Qg3 Qd5
30.Bf4 d3 31.h4 Ra4 32.h5 Rxf4 33.hxg6 Rf5 34.e6 Rh5+ 35.Kg1 Qd4+ 36.Qe3 Rxe6
37.Qxd4 cxd4 38.Rxe6 fxe6 39.f7+ Kf8 40.Rb1  1-0

[Event "chess.com SpeedChess 2022"]
[Site "chess.com INT"]
[Date "2022.12.15"]
[Round "3.23"]
[White "Nakamura,Hi"]
[Black "Nihal,Sarin"]
[Result "1-0"]
[WhiteElo "2768"]
[BlackElo "2670"]

1.d4 Nf6 2.c4 e6 3.Nf3 d5 4.e3 c5 5.dxc5 Bxc5 6.a3 b6 7.cxd5 Nxd5 8.e4 Nf6
9.Qxd8+ Kxd8 10.Nc3 Bb7 11.Bd3 a5 12.Bg5 h6 13.Bh4 g5 14.Bg3 Nbd7 15.h4 Ke7
16.hxg5 hxg5 17.Rxh8 Rxh8 18.O-O-O Ng4 19.Rd2 f6 20.Bb5 Rd8 21.Bc7 Bc8 22.Bxd8+ Kxd8
23.Nd1 Ke7 24.Nd4 Bxd4 25.Rxd4 Nc5 26.Kc2 e5 27.Rc4 Be6 28.Rc3 Nxe4 29.Rc7+ Kd8
30.Rc6 Bf5 31.Bd3  1-0

[Event "chess.com SpeedChess 2022"]
[Site "chess.com INT"]
[Date "2022.12.15"]
[Round "3.21"]
[White "Nakamura,Hi"]
[Black "Nihal,Sarin"]
[Result "1/2-1/2"]
[WhiteElo "2768"]
[BlackElo "2670"]

1.d4 Nf6 2.c4 e6 3.Nf3 d5 4.e3 Be7 5.Nc3 O-O 6.cxd5 exd5 7.Bd3 Bg4 8.h3 Bh5
9.Ne2 Bxf3 10.gxf3 c5 11.b3 cxd4 12.Nxd4 Bb4+ 13.Bd2 Bxd2+ 14.Qxd2 Nc6 15.Be2 Rc8
16.O-O Qd7 17.Kg2 Ne5 18.Rac1 Ng6 19.Bd3 a6 20.Rxc8 Rxc8 21.Rc1 Rc7 22.Rxc7 Qxc7
23.Qc2 Qxc2 24.Bxc2 Ne7 25.b4 g6 26.Bb3 Kf8 27.a3 Ke8 28.Ne2 Kd7 29.Kf1 Kd6
30.Ke1 Nc6 31.f4 Ne7 32.Nc1 Nd7 33.Nd3 f6 34.Ba4 b5 35.Bb3 Nc6 36.Kd2 f5
37.Kc3 Nd8 38.Ne1 Ne6 39.Nf3 Nf6 40.Bc2 Ne4+ 41.Bxe4 dxe4 42.Ne5 Kd5 43.Nd7 Kd6
44.Ne5 Kd5 45.Nf7 Kc6 46.Kb3 Kd5 47.a4 Nf8 48.a5 Ne6 49.Kc3 Kc6 50.Ne5+ Kd5
51.Nd7 Kc6 52.Ne5+ Kd5 53.Nd7 Kc6 54.Ne5+  1/2-1/2

[Event "chess.com SpeedChess 2022"]
[Site "chess.com INT"]
[Date "2022.12.15"]
[Round "3.18"]
[White "Nihal,Sarin"]
[Black "Nakamura,Hi"]
[Result "1/2-1/2"]
[WhiteElo "2670"]
[BlackElo "2768"]

1.d4 Nf6 2.Nf3 d5 3.Bf4 Bf5 4.e3 e6 5.Bd3 Bxd3 6.cxd3 c5 7.Nc3 Nc6 8.O-O Be7
9.dxc5 Bxc5 10.Rc1 O-O 11.Qb3 Bb6 12.Na4 Nd7 13.a3 Qe7 14.Nxb6 Nxb6 15.Rc2 e5
16.Bg3 f6 17.Rfc1 Rfd8 18.d4 exd4 19.Nxd4 Nxd4 20.exd4 Nc4 21.a4 Re8 22.h3 Rad8
23.Qf3 Qe4 24.Qxe4 Rxe4 25.b3 Nd6 26.Rc7 Nf5 27.Rxb7 Rxd4 28.Rxa7 Rb4 29.Rc3 h5
30.Rd3 d4 31.Bf4 Rc8 32.Bd2 Rbb8 33.b4 Rc2 34.b5 Ra2 35.g4 hxg4 36.hxg4 Nh4
37.Bf4 Rxb5 38.axb5 Rxa7 39.Bg3 Ng6 40.Rxd4 Ra1+ 41.Kg2 Rb1 42.Rd8+ Kh7 43.Rd5 Rb3
44.Bc7 Nh4+ 45.Kf1 Nf3 46.b6 Ng5 47.Ke2 Ne6 48.Kd2 Kg6 49.f4 Kf7 50.f5 Ng5
51.Kc2 Rb4 52.Kc3 Rb1 53.Kc2 Rb4 54.Rd3 Ke8 55.Rb3 Rxb3 56.Kxb3 Kd7 57.Kc4 Kc6
58.Kd4 Nf7 59.Ke4 Ng5+ 60.Ke3 Nf7 61.Kd4 Nh6 62.Ke4 Nxg4 63.Bf4 Kxb6 64.Kd5 Kb5
65.Ke6 Kc4 66.Kf7 Kd3 67.Kxg7 Ke4 68.Bc7 Kxf5 69.Bd8 Ke6 70.Bxf6  1/2-1/2

[Event "chess.com SpeedChess 2022"]
[Site "chess.com INT"]
[Date "2022.12.15"]
[Round "3.16"]
[White "Nihal,Sarin"]
[Black "Nakamura,Hi"]
[Result "1-0"]
[WhiteElo "2670"]
[BlackElo "2768"]

1.d4 Nf6 2.Nf3 d5 3.c4 dxc4 4.e3 e6 5.Bxc4 a6 6.O-O c5 7.b3 cxd4 8.Nxd4 Bd7
9.Bb2 Nc6 10.Nd2 Be7 11.Be2 O-O 12.Nc4 Nd5 13.Bf3 Nxd4 14.Bxd4 Bc6 15.Rc1 Rc8
16.Qd2 b5 17.Ne5 Bb7 18.Nd3 h6 19.h3 Ba3 20.Rxc8 Qxc8 21.b4 Qc4 22.Rb1 Rc8
23.Rb3 Bc1 24.Qd1 Qc2 25.Nc5 Qxd1+ 26.Bxd1 Bc6 27.Kf1 Nb6 28.Bf3 Nc4 29.Ke2 e5
30.Bc3 a5 31.Bxc6 Rxc6 32.a4 bxa4 33.Nxa4 axb4 34.Rxb4 Ba3 35.Rb8+ Kh7 36.Rb7 f6
37.Rb3 Bf8 38.Nb2 Na3 39.Nd1 Nc4 40.g4 Ra6 41.Be1 Ra2+ 42.Kf3 Ra1 43.Ke2 Ra2+
44.Kf3 Ra8 45.Rc3 Nd6 46.Rc6 Nb5 47.Nc3 Nxc3 48.Bxc3 Ra7 49.h4 Rb7 50.g5 hxg5
51.hxg5 Be7 52.Kg4 Ra7 53.Kf5 fxg5 54.Bxe5 Ra2 55.Bg3 Ra5+ 56.Kg4 Bf6 57.e4 Rb5
58.f3 Ra5 59.Rd6 Rb5 60.Rd5 Rb1 61.e5 Be7 62.Rd7 Bb4 63.e6 Re1 64.Bxe1  1-0

[Event "chess.com SpeedChess 2022"]
[Site "chess.com INT"]
[Date "2022.12.18"]
[Round "4.32"]
[White "Nakamura,Hi"]
[Black "Carlsen,M"]
[Result "0-1"]
[WhiteElo "2768"]
[BlackElo "2859"]

1.e4 c5 2.Nf3 e6 3.d4 cxd4 4.Nxd4 a6 5.Bd3 Bc5 6.Nb3 Be7 7.Be3 d6 8.f4 Nd7
9.N1d2 Ngf6 10.Qe2 b5 11.g4 Nc5 12.g5 Nfd7 13.O-O-O Bb7 14.Kb1 Nxd3 15.cxd3 O-O
16.h4 a5 17.h5 a4 18.Nd4 a3 19.b3 Qa5 20.g6 Bf6 21.N2f3 Rac8 22.Rc1 Rxc1+
23.Rxc1 Nc5 24.e5 dxe5 25.fxe5 Be7 26.Bg5 Qd8 27.Qe3 fxg6 28.Rxc5 gxh5 29.Rxb5 Bxg5
30.Qxg5 Bd5 31.Qxd8 Rxd8 32.Ng5 Re8 33.Rc5 h4 34.Rc2 h6 35.Ne4 Rf8 36.Rh2 Rf4
37.Kc2 Kf7 38.Kd2 g5 39.Ke3 Kg6 40.b4 Rf1 41.b5 Re1+ 42.Kd2 Rb1 43.Ke3 Rb2
44.Rf2 h3 45.Nf3 g4 46.Nh2 h5 47.Rf6+ Kg7 48.Nf1 h2 49.Neg3 h4 50.Nh5+ Kh7
51.Nxh2 Rxh2 52.Kf4 g3 53.Kg5 g2 54.Rf7+ Kg8 55.Rg7+ Kf8 56.Kf6 Rh1 57.Rf7+ Ke8
58.Ng7+ Kd8 59.Nxe6+ Bxe6 60.Kxe6 g1=Q 61.Rf8+ Kc7 62.Rf7+ Kb6 63.Rf6 Qg2
64.Kf7+ Kxb5 65.e6 Qd5 66.Kg6 Rg1+ 67.Kf7 Re1 68.Kg6 Rxe6 69.Kg7 Rxf6 70.Kxf6 Qxd3
71.Ke5 h3 72.Kf4 h2 73.Kg5 h1=Q 74.Kf6 Qhf3+ 75.Ke7 Qff5  0-1

[Event "chess.com SpeedChess 2022"]
[Site "chess.com INT"]
[Date "2022.12.18"]
[Round "4.29"]
[White "Carlsen,M"]
[Black "Nakamura,Hi"]
[Result "1-0"]
[WhiteElo "2859"]
[BlackElo "2768"]

1.d4 Nf6 2.Nf3 d5 3.a3 e6 4.Bf4 c5 5.e3 Bd6 6.dxc5 Bxc5 7.c4 O-O 8.Nc3 Nc6
9.Qc2 Qa5 10.Rd1 Re8 11.Bd3 e5 12.cxd5 Nd4 13.exd4 exf4+ 14.Be2 Bf8 15.O-O Nxd5
16.Nxd5 Qxd5 17.Bc4 Qh5 18.Qb3 Bg4 19.Ne5 Rxe5 20.dxe5 Bxd1 21.Rxd1 b5 22.Bd5 Rb8
23.h3 Bc5 24.Rc1 Bb6 25.Qxb5 h6 26.Kf1 Kh8 27.Qe2 Qxe2+ 28.Kxe2 Bd4 29.b4 Bxe5
30.Rc4 Kg8 31.Kd3 Kf8 32.Rc6 Rd8 33.Kc4 Rd7 34.Ra6 Ke7 35.b5 Rc7+ 36.Bc6 f3
37.gxf3 Bh2 38.Kd3 Bg1 39.Ke2 Kd6 40.a4 Kc5 41.f4 Bh2 42.Kf3 g5 43.f5 f6
44.Kg4 Be5 45.Kh5 Bd4 46.f3 Kb4 47.Kxh6 Rc8 48.Kg6 Rh8 49.a5 Rb8 50.b6 axb6
51.axb6 Bxb6 52.Kxf6 Bd4+ 53.Kf7 Rh8 54.f6 Rxh3 55.Ra4+ Kc5 56.Rxd4 Kxd4
57.Kg7 Rh4 58.Bd7 Rf4 59.Bg4 Ke5 60.f7  1-0

[Event "chess.com SpeedChess 2022"]
[Site "chess.com INT"]
[Date "2022.12.18"]
[Round "4.210"]
[White "Nakamura,Hi"]
[Black "Carlsen,M"]
[Result "1/2-1/2"]
[WhiteElo "2768"]
[BlackElo "2859"]

1.e4 e5 2.Nf3 Nc6 3.Bb5 a6 4.Ba4 Nf6 5.O-O Be7 6.Re1 b5 7.Bb3 O-O 8.c3 d5
9.exd5 Nxd5 10.Nxe5 Nxe5 11.Rxe5 c6 12.d3 Bd6 13.Re1 Bf5 14.Qf3 Qh4 15.g3 Qh3
16.Nd2 Rae8 17.Ne4 Bg4 18.Qg2 Qxg2+ 19.Kxg2 f5 20.Bf4 Bxf4 21.gxf4 Bf3+ 22.Kxf3 fxe4+
23.dxe4 Rxf4+ 24.Kg3 Rfxe4 25.Rxe4 Rxe4 26.a4 Re2 27.axb5 axb5 28.Rd1 Rxb2
29.Bxd5+ cxd5 30.Rxd5 Rb3 31.Kg4 Rxc3 32.Rxb5 Rc4+ 33.Kg3 Rc3+ 34.Kg2 Rc8
35.f3 Rf8 36.Kg3 h6 37.Ra5 Kh7 38.Rb5 Rf6 39.Ra5 Rg6+ 40.Kf2 Rf6 41.Kg2 Kg6
42.Kg3 Rf5 43.Ra6+ Rf6 44.Ra5 Rf5 45.Ra6+ Rf6 46.Ra5  1/2-1/2

[Event "chess.com SpeedChess 2022"]
[Site "chess.com INT"]
[Date "2022.12.18"]
[Round "4.31"]
[White "Carlsen,M"]
[Black "Nakamura,Hi"]
[Result "0-1"]
[WhiteElo "2859"]
[BlackElo "2768"]

1.d4 Nf6 2.c4 e6 3.Nf3 d5 4.cxd5 exd5 5.Nc3 c6 6.Bf4 Nh5 7.Bg5 Be7 8.Bxe7 Qxe7
9.e3 O-O 10.h3 Nd7 11.Bd3 Nf4 12.Bf1 a5 13.Qc2 b5 14.Ne2 Qb4+ 15.Nd2 Qxb2
16.Qxb2 Nd3+ 17.Kd1 Nxb2+ 18.Kc2 Nc4 19.Nf4 Ndb6 20.Nb3 Na4 21.g4 g5 22.Nd3 f5
23.h4 fxg4 24.hxg5 Bf5 25.Rh2 g3 26.fxg3 Nxe3+ 27.Kd2 Nc4+ 28.Kd1 Bg4+ 29.Be2 Nc3+  0-1

[Event "chess.com SpeedChess 2022"]
[Site "chess.com INT"]
[Date "2022.12.18"]
[Round "4.15"]
[White "Nakamura,Hi"]
[Black "Carlsen,M"]
[Result "1-0"]
[WhiteElo "2768"]
[BlackElo "2859"]

1.Nf3 Nf6 2.d4 b6 3.c4 Bb7 4.g3 e5 5.dxe5 Ng4 6.Bg2 Nxe5 7.Nbd2 Nxf3+ 8.Nxf3 Bb4+
9.Bd2 Bxd2+ 10.Qxd2 O-O 11.O-O a5 12.Rfd1 Re8 13.Rac1 d6 14.c5 bxc5 15.Rxc5 a4
16.Rc4 Nd7 17.Qc2 a3 18.Ng5 Qxg5 19.Bxb7 Rab8 20.Rxc7 axb2 21.Qxb2 Nc5 22.Rxd6 Ne6
23.Rc4 g6 24.Rb6 Qa5 25.Rb5 Qa7 26.a4 Red8 27.Bf3 Rbc8 28.Rxc8 Rxc8 29.Rb4 h5
30.h4 Qa5 31.Kg2 Rd8 32.Rc4 Qa6 33.Qb5 Qd6 34.a5 Qa3 35.Bd5  1-0

[Event "chess.com SpeedChess 2022"]
[Site "chess.com INT"]
[Date "2022.12.18"]
[Round "4.33"]
[White "Carlsen,M"]
[Black "Nakamura,Hi"]
[Result "1-0"]
[WhiteElo "2859"]
[BlackElo "2768"]

1.d4 Nf6 2.Nf3 d5 3.a3 g6 4.c4 dxc4 5.Nc3 Bg7 6.e4 Bg4 7.Be3 Nc6 8.Bxc4 O-O
9.Be2 Bxf3 10.Bxf3 e5 11.dxe5 Nd7 12.Be2 Ndxe5 13.f4 Nd7 14.O-O Nb6 15.e5 Qe7
16.Ne4 Rfd8 17.Qe1 Nd4 18.Rd1 Nc2 19.Qc3 Nxe3 20.Qxe3 Nd5 21.Qf3 Nb6 22.g3 Rxd1
23.Rxd1 Rd8 24.Rd3 Rxd3 25.Qxd3 f6 26.exf6 Bxf6 27.Bf3 c6 28.b4 Kg7 29.Kg2 Bb2
30.Nc5 a5 31.Qb3 Bd4 32.Ne6+  1-0

[Event "chess.com SpeedChess 2022"]
[Site "chess.com INT"]
[Date "2022.12.18"]
[Round "4.34"]
[White "Nakamura,Hi"]
[Black "Carlsen,M"]
[Result "0-1"]
[WhiteElo "2768"]
[BlackElo "2859"]

1.e4 e5 2.Nf3 Nc6 3.Bb5 a6 4.Ba4 Nf6 5.O-O Be7 6.Re1 b5 7.Bb3 O-O 8.c3 d5
9.exd5 Nxd5 10.Nxe5 Nxe5 11.Rxe5 c6 12.d3 Bd6 13.Re1 Bf5 14.Qf3 Bg6 15.Nd2 Nf4
16.d4 Nd3 17.Re3 Nxc1 18.Rxc1 c5 19.Ne4 cxd4 20.cxd4 Be7 21.d5 Bxe4 22.Rxe4 Bd6
23.Rc6 Re8 24.Bc2 g6 25.g3 Rxe4 26.Bxe4 Qe7 27.Kg2 a5 28.Bd3 b4 29.b3 Rd8
30.h4 Qe5 31.Ra6 Bc7 32.Bc4 Rd6 33.Rc6 Bd8 34.h5 Kg7 35.h6+ Kf8 36.Rc8 Ke7
37.Ra8 Bb6 38.Rb8 Rf6 39.d6+ Qxd6 40.Rb7+ Kd8 41.Qe4 Rxf2+ 42.Kh3 Bc7 43.Qd5 Qxd5
44.Bxd5 Rf5 45.Bc4 Kc8 46.Rb5 Rxb5 47.Bxb5 Kd8 48.Bc4 Ke7 49.Kh4 Bb6 50.g4 Be3
51.g5 f6 52.gxf6+ Kxf6 53.Bg8 Bxh6  0-1

[Event "chess.com SpeedChess 2022"]
[Site "chess.com INT"]
[Date "2022.12.18"]
[Round "4.35"]
[White "Carlsen,M"]
[Black "Nakamura,Hi"]
[Result "0-1"]
[WhiteElo "2859"]
[BlackElo "2768"]

1.d4 Nf6 2.Nf3 e6 3.Bg5 c5 4.e3 Nc6 5.c3 Be7 6.Nbd2 b6 7.Bd3 Bb7 8.O-O d5
9.Qe2 Qc7 10.Bf4 Bd6 11.Bxd6 Qxd6 12.e4 dxe4 13.Nxe4 Nxe4 14.Bxe4 cxd4 15.Rad1 Qc7
16.Nxd4 Nxd4 17.Rxd4 O-O 18.Bxb7 Qxb7 19.Rfd1 Rac8 20.g3 Rc7 21.h4 h6 22.Rd6 Re7
23.R1d4 e5 24.R4d5 e4 25.Qe3 Rfe8 26.c4 Qa6 27.b3 Qxa2 28.Rd8 Qb2 29.Kg2 Qf6
30.R5d6 Qf5 31.Rd5 Qf6 32.R5d6 Qe5 33.Rd5 Qc7 34.R8d6 Qc8 35.Qd4 e3 36.fxe3 Rxe3
37.Qxe3 Rxe3 38.Rd8+ Qxd8 39.Rxd8+ Kh7 40.b4 Rc3 41.Rc8 f6 42.c5 Rc4 43.Rc7 Rxb4
44.Rxa7 bxc5 45.Rc7 Rc4 46.h5 Rc1 47.Kf3 c4 48.Rc8 c3 49.Kg2 f5 50.Rc7 Kg8
51.Kh2 Kf8 52.Kg2 c2 53.Kh2 Ke8 54.Kg2 Kd8 55.Rc3 Ke7 56.Rc6 Kd7 57.Rc3 Ke6
58.Rc6+ Kd5 59.Rc8 Ke4 60.Rc4+ Kd3  0-1

[Event "chess.com SpeedChess 2022"]
[Site "chess.com INT"]
[Date "2022.12.18"]
[Round "4.36"]
[White "Nakamura,Hi"]
[Black "Carlsen,M"]
[Result "1-0"]
[WhiteElo "2768"]
[BlackElo "2859"]

1.e4 e5 2.Nf3 Nc6 3.Bb5 Nf6 4.O-O Nxe4 5.d4 Be7 6.dxe5 O-O 7.Nbd2 d5 8.Re1 Nc5
9.h3 Ne6 10.Nb3 a6 11.Bxc6 bxc6 12.Nfd4 Qd7 13.Be3 Re8 14.Nxe6 Qxe6 15.Bc5 Bd8
16.Nd4 Qg6 17.Qd3 Bd7 18.f4 Bh4 19.Re3 a5 20.a4 Bc8 21.Qc3 Bf5 22.Nxf5 Qxf5
23.Rf1 h5 24.Bd4 Re6 25.Qd3 g6 26.Qe2 g5 27.g3 Rg6 28.gxh4 gxh4+ 29.Kh2  1-0

[Event "chess.com SpeedChess 2022"]
[Site "chess.com INT"]
[Date "2022.12.18"]
[Round "4.37"]
[White "Carlsen,M"]
[Black "Nakamura,Hi"]
[Result "1-0"]
[WhiteElo "2859"]
[BlackElo "2768"]

1.d4 Nf6 2.c4 e6 3.Nf3 d5 4.cxd5 exd5 5.Nc3 c6 6.Bf4 Nh5 7.Bg5 Be7 8.Bxe7 Qxe7
9.e3 Nd7 10.Be2 O-O 11.O-O g6 12.Ne1 Nhf6 13.Nd3 Ne4 14.Rc1 Nd6 15.b4 b5
16.a4 a6 17.Ra1 Bb7 18.Qb3 Nc4 19.Ra2 Rfe8 20.Rfa1 Rab8 21.axb5 axb5 22.Nd1 h5
23.Ra7 h4 24.h3 Qg5 25.Qc3 Nf6 26.Bf3 Bc8 27.Ne5 Bb7 28.Ng4 Nxg4 29.Bxg4 f5
30.Bf3 f4 31.exf4 Qxf4 32.Nb2 Nd2 33.Rd1 Nc4 34.Nd3 Qf6 35.Rda1 Bc8 36.Ra8 Bxh3
37.Rxb8 Rxb8 38.Ne5 Bf5 39.Ra6 Rb6 40.Rxb6 Nxb6 41.Qc5 Nc4 42.Nxc6 Be4 43.Ne7+ Kg7
44.Nxd5 Bxd5 45.Qxd5 Qf4 46.Qxb5 Qxd4 47.Qb7+ Kh6 48.Qe4 Qa1+ 49.Kh2 Ne5
50.Qxh4+ Kg7 51.Qe7+ Kh6 52.Qh4+ Kg7 53.Qe4 Qc3 54.Be2 Qc7 55.g3 Qc3 56.Kg2 Qb2
57.b5 Nf7 58.Qe3 Nd6 59.b6 Nf5 60.Qe6 Nd4 61.Qe5+ Kh7 62.Qc7+ Kh6 63.Bg4 Nc2
64.Qf4+ Kg7 65.Qe4 Nd4 66.b7 Kh7 67.b8=Q Qxb8 68.Qxd4 Qb7+ 69.Bf3 Qf7 70.Qh4+ Kg7
71.Qf4 Qe7 72.Be4 Qe8 73.Qg4 Kh8 74.Qxg6 Qxg6 75.Bxg6 Kg7 76.Be4 Kf6 77.f4 Ke7
78.Kf3 Kd6 79.g4 Kc7 80.g5 Kb6 81.g6 Kc5 82.g7 Kd6 83.g8=Q Ke7 84.f5 Kd6
85.Qe6+ Kc5 86.f6 Kd4 87.f7 Kc3 88.f8=Q Kd2 89.Qb4+ Kc1 90.Qec4+  1-0

[Event "chess.com SpeedChess 2022"]
[Site "chess.com INT"]
[Date "2022.12.18"]
[Round "4.38"]
[White "Nakamura,Hi"]
[Black "Carlsen,M"]
[Result "1-0"]
[WhiteElo "2768"]
[BlackElo "2859"]

1.e4 e6 2.d4 d5 3.Nd2 c5 4.exd5 Qxd5 5.dxc5 Qxc5 6.Ngf3 Nf6 7.Bd3 Nbd7 8.Qe2 b6
9.a4 Bb7 10.a5 Be7 11.a6 Bd5 12.c4 Bxf3 13.Nxf3 O-O 14.O-O Rac8 15.Rd1 Rfd8
16.b3 Qc7 17.Bc2 Nc5 18.Nd4 Bd6 19.g3 Be5 20.Nb5 Qb8 21.Ra2 Rxd1+ 22.Bxd1 Rd8
23.Bc2 Ncd7 24.Ba3 Nc5 25.Bxc5 bxc5 26.Nxa7 Bxg3 27.Nc6 Bxh2+ 28.Kg2 Qa8
29.Qf3  1-0

[Event "chess.com SpeedChess 2022"]
[Site "chess.com INT"]
[Date "2022.12.18"]
[Round "4.39"]
[White "Carlsen,M"]
[Black "Nakamura,Hi"]
[Result "1-0"]
[WhiteElo "2859"]
[BlackElo "2768"]

1.e4 e5 2.Nf3 Nc6 3.Bb5 Nf6 4.d3 Bc5 5.Bxc6 dxc6 6.O-O Qd6 7.Nbd2 Be6 8.b3 a5
9.Bb2 Nd7 10.Nc4 Bxc4 11.bxc4 O-O 12.c3 Rfe8 13.d4 Ba7 14.Qc2 Qg6 15.Rfe1 c5
16.d5 c6 17.a4 Bb8 18.Ba3 Bd6 19.Rab1 Rab8 20.Red1 Bf8 21.h3 Nf6 22.dxc6 bxc6
23.Rxb8 Rxb8 24.Nxe5 Qxe4 25.Qxe4 Nxe4 26.Nxc6 Rb3 27.Ra1 Nxc3 28.Nxa5 Rb6
29.Bc1 Ne2+ 30.Kf1 Nxc1 31.Rxc1 Ra6 32.Nb3 Rxa4 33.Nd2 g6 34.Nf3 Bg7 35.Rc2 Kf8
36.Ke2 Ke7 37.Nd2 Bd4 38.Nb3 Ra3 39.Nxd4 cxd4 40.Rd2 Rc3 41.Rxd4 Rc2+ 42.Ke3 h5
43.h4 Ke6 44.g3 f6 45.Re4+ Kd6 46.Rf4 Ke5 47.Kd3 Ra2 48.Re4+ Kd6 49.Re2 Ra3+
50.Kd4 g5 51.c5+ Kd7 52.hxg5 fxg5 53.Re5 h4 54.Rxg5 hxg3 55.fxg3 Ra1 56.Rg6 Rd1+
57.Ke5 Re1+ 58.Kf5 Rf1+ 59.Kg5 Rc1 60.c6+ Ke7 61.g4 Rc5+ 62.Kh6 Kf7 63.g5 Rc1
64.Rf6+ Ke7 65.Kg7 Rc5 66.g6 Rc1 67.Rf7+ Kd6 68.c7 Ke6 69.Kf8 Rc2 70.g7 Kd6
71.g8=Q Ke5 72.Qg5+ Kd4 73.Qf4+ Kc3 74.c8=Q+ Kb2 75.Qb4+ Kc1 76.Ra7  1-0

[Event "chess.com SpeedChess 2022"]
[Site "chess.com INT"]
[Date "2022.12.18"]
[Round "4.11"]
[White "Nakamura,Hi"]
[Black "Carlsen,M"]
[Result "1/2-1/2"]
[WhiteElo "2768"]
[BlackElo "2859"]

1.e4 e5 2.Nf3 Nc6 3.Bb5 a6 4.Ba4 Nf6 5.O-O Be7 6.Re1 b5 7.Bb3 O-O 8.c3 d5
9.exd5 Nxd5 10.Nxe5 Nxe5 11.Rxe5 c6 12.d3 Bd6 13.Re1 Bf5 14.Qf3 Qh4 15.g3 Qh3
16.Nd2 Rae8 17.Ne4 Bg4 18.Qg2 Qxg2+ 19.Kxg2 f5 20.Bf4 Bxf4 21.gxf4 fxe4 22.dxe4 Bf3+
23.Kxf3 Rxf4+ 24.Kg3 Rfxe4 25.Rxe4 Rxe4 26.Rc1 Kf8 27.c4 Ne7 28.Kf3 Rh4 29.cxb5 axb5
30.Rd1 Nf5 31.Bc2 Nd4+ 32.Kg3 g5 33.Rd2 Ke7 34.f3 Nxc2 35.Rxc2 Kd6 36.Rd2+ Ke6
37.Rc2 Kd6 38.Rd2+ Ke6 39.Rc2 Kd6  1/2-1/2

[Event "chess.com SpeedChess 2022"]
[Site "chess.com INT"]
[Date "2022.12.18"]
[Round "4.21"]
[White "Carlsen,M"]
[Black "Nakamura,Hi"]
[Result "1-0"]
[WhiteElo "2859"]
[BlackElo "2768"]

1.d4 Nf6 2.Nf3 d5 3.a3 c6 4.Bf4 Bf5 5.e3 e6 6.c4 Bd6 7.Bg3 Bxg3 8.hxg3 Nbd7
9.Nc3 Ne4 10.Rc1 h6 11.Be2 O-O 12.O-O Qe7 13.Nxe4 dxe4 14.Nd2 c5 15.Qb3 b6
16.Rfd1 Rfd8 17.Qc3 Nf6 18.b4 Rac8 19.dxc5 bxc5 20.Nb3 cxb4 21.Qxb4 Qc7 22.Rxd8+ Rxd8
23.c5 Bg4 24.Bf1 Rb8 25.Qa4 e5 26.c6 Rb6 27.Nd2 Bf5 28.Qa5 Be6 29.Rc5 h5
30.Nc4 Bxc4 31.Rxc4 g6 32.Rc5 Kg7 33.Qc3 Rb1 34.Rxe5 Qd6 35.Rb5  1-0

[Event "chess.com SpeedChess 2022"]
[Site "chess.com INT"]
[Date "2022.12.18"]
[Round "4.28"]
[White "Nakamura,Hi"]
[Black "Carlsen,M"]
[Result "1/2-1/2"]
[WhiteElo "2768"]
[BlackElo "2859"]

1.e4 g6 2.d4 d6 3.Nc3 Bg7 4.f4 Nf6 5.Nf3 c5 6.Bb5+ Bd7 7.e5 Ng4 8.e6 fxe6
9.Ng5 Bxb5 10.Nxe6 Bxd4 11.Nxd8 Bf2+ 12.Kd2 Be3+ 13.Ke1 Bf2+ 14.Kd2 Be3+
15.Ke1 Bf2+ 16.Kd2  1/2-1/2

[Event "chess.com SpeedChess 2022"]
[Site "chess.com INT"]
[Date "2022.12.18"]
[Round "4.27"]
[White "Carlsen,M"]
[Black "Nakamura,Hi"]
[Result "1-0"]
[WhiteElo "2859"]
[BlackElo "2768"]

1.d4 Nf6 2.Nf3 d5 3.a3 c6 4.Bf4 Bf5 5.e3 e6 6.c4 Bd6 7.Bxd6 Qxd6 8.Qb3 b6
9.Nc3 O-O 10.Be2 Nbd7 11.O-O Ne4 12.Rac1 Rfc8 13.cxd5 exd5 14.Ba6 Rc7 15.Nb5 cxb5
16.Rxc7 Qxc7 17.Qxd5 Nd6 18.Qxa8+ Nb8 19.Ne5 h5 20.Nc6 Qxc6 21.Qxb8+ Kh7
22.d5 Qxd5 23.Qc7 h4 24.h3 Bd3 25.Rd1 Qb3 26.Re1 Qd5 27.Qc3 Be4 28.f3 Bxf3
29.gxf3 Qg5+ 30.Kf1 Nf5 31.Ke2 Qg2+ 32.Kd1 Qxh3 33.Bxb5 Qxf3+ 34.Be2 Qg3
35.Bd3 Qg4+ 36.Kc1 g6 37.Bxf5 Qxf5 38.e4 Qg4 39.Qe3 Qe6 40.Kb1 f6 41.Qf3 g5
42.e5 Kg6 43.Qd3+ Qf5 44.Qxf5+ Kxf5 45.e6 h3 46.e7 h2 47.e8=Q Kg4 48.Qe4+ Kh5
49.Qh7+ Kg4 50.Qxh2 Kf5 51.Qh7+ Kg4 52.Qe4+ Kg3 53.Rg1+ Kf2 54.Rg2+  1-0

[Event "chess.com SpeedChess 2022"]
[Site "chess.com INT"]
[Date "2022.12.18"]
[Round "4.26"]
[White "Nakamura,Hi"]
[Black "Carlsen,M"]
[Result "1/2-1/2"]
[WhiteElo "2768"]
[BlackElo "2859"]

1.e4 e6 2.d4 d5 3.Nd2 c5 4.exd5 Qxd5 5.dxc5 Qxc5 6.Ngf3 Nf6 7.Bd3 Nbd7 8.O-O Qc7
9.c3 b6 10.a4 Bb7 11.a5 Be7 12.Re1 Rd8 13.Nd4 O-O 14.Bf1 Nc5 15.axb6 axb6
16.Qe2 Ra8 17.Rxa8 Rxa8 18.Nc4 Nce4 19.f3 Nc5 20.Nb5 Qd8 21.Ne5 Nd5 22.b4 Na4
23.Bd2 Bf6 24.Nxf7 Kxf7 25.Qxe6+ Kf8 26.Nd6 Qe7 27.Nxb7 Qxb7 28.Bb5 Naxc3
29.Bc6 Qa7 30.Bxc3 Nxc3 31.Bxa8 Qxa8 32.Qd6+ Kg8 33.Qe6+ Kf8 34.Qd6+ Kf7
35.Qe6+ Kf8  1/2-1/2

[Event "chess.com SpeedChess 2022"]
[Site "chess.com INT"]
[Date "2022.12.18"]
[Round "4.25"]
[White "Carlsen,M"]
[Black "Nakamura,Hi"]
[Result "0-1"]
[WhiteElo "2859"]
[BlackElo "2768"]

1.d4 Nf6 2.c4 e6 3.Nf3 d5 4.g3 Be7 5.Bg2 O-O 6.O-O dxc4 7.Qc2 a6 8.a4 Bd7
9.Qxc4 Bc6 10.Bf4 a5 11.Nc3 Na6 12.Ne5 Bxg2 13.Kxg2 c6 14.e4 Nb4 15.Rad1 Qb6
16.Qe2 Rad8 17.h4 Qa6 18.Qxa6 Nxa6 19.Nc4 Bb4 20.f3 Nh5 21.Bc7 Nxc7  0-1

[Event "chess.com SpeedChess 2022"]
[Site "chess.com INT"]
[Date "2022.12.18"]
[Round "4.24"]
[White "Nakamura,Hi"]
[Black "Carlsen,M"]
[Result "1/2-1/2"]
[WhiteElo "2768"]
[BlackElo "2859"]

1.e4 e5 2.Nf3 Nc6 3.Bb5 a6 4.Ba4 Nf6 5.O-O Be7 6.Re1 b5 7.Bb3 O-O 8.c3 d6
9.h3 Nb8 10.d4 Nbd7 11.Nbd2 Bb7 12.Bc2 Re8 13.Nf1 Bf8 14.Ng3 g6 15.a4 Nb6
16.b3 bxa4 17.bxa4 a5 18.Bd3 Bg7 19.Bb5 Re6 20.d5 Re7 21.c4 Nfd7 22.Bg5 Bf6
23.Be3 Nc5 24.Nd2 Bc8 25.Qf3 Bg7 26.Bg5 f6 27.Bxf6 Bxf6 28.Qxf6 Qf8 29.Qxf8+ Kxf8
30.Ne2 Rf7 31.Nc3 Bd7 32.Bxd7 Nbxd7 33.Reb1 Nd3 34.f3 N7c5 35.Nb3 Nxb3 36.Rxb3 Nc5
37.Rb5 Ke7 38.Ne2 h5 39.Ra3 g5 40.Ng3 Rh7 41.Nf5+ Kf6 42.Kf2 g4 43.h4 gxf3
44.gxf3 Rhh8 45.Ra1 Rhg8 46.Rd1 Rgb8 47.Ra1 Rg8 48.Rd1 Rgb8 49.Ra1 Rg8  1/2-1/2

[Event "chess.com SpeedChess 2022"]
[Site "chess.com INT"]
[Date "2022.12.18"]
[Round "4.23"]
[White "Carlsen,M"]
[Black "Nakamura,Hi"]
[Result "1/2-1/2"]
[WhiteElo "2859"]
[BlackElo "2768"]

1.e4 e5 2.Nf3 Nc6 3.Bb5 Nf6 4.O-O Nxe4 5.Re1 Nd6 6.Nxe5 Be7 7.Bf1 Nxe5 8.Rxe5 O-O
9.d4 Bf6 10.Re1 Re8 11.Bf4 Rxe1 12.Qxe1 Ne8 13.c3 d5 14.Nd2 Bf5 15.Qe3 c6
16.Re1 Nd6 17.Qg3 Ne4 18.Nxe4 Bxe4 19.Bd3 Bxd3 20.Qxd3 Qd7 21.Qe3 Kf8 22.g3 Re8
23.Bd6+ Be7 24.Bf4 Bf6 25.Bd6+ Be7 26.Bf4 Bf6  1/2-1/2